000
00315nam a2200133Ia 4500
008
190216s9999||||xx |||||||||||||| ||und||
100
_a
Scarborough James B
245
0
_a
Numerical Mathematical Analysis
250
_a
6th Ed.
260
_b
Oxford & I B H
300
_a
600p
650
_a
Mathematics
942
_c
BK
999
_c
31676
_d
31676